Top 25 All-Time Highest NHL Goal Scorers - Statistics

General Stats
  • This quiz has been taken 62 times
  • The average score is 16 of 25
Answer Stats
# of Goals Answer % Correct
894 Wayne Gretzky
100%
801 Gordie Howe
89%
706 Alex Ovechkin
87%
766 Jaromir Jagr
85%
610 Bobby Hull
78%
741 Brett Hull
78%
690 Mario Lemieux
78%
694 Mark Messier
76%
625 Joe Sakic
70%
692 Steve Yzerman
70%
601 Jari Kurri
69%
717 Phil Esposito
67%
684 Teemu Selanne
67%
731 Marcel Dionne
63%
625 Jarome Iginla
59%
573 Mike Bossy
59%
708 Mike Gartner
57%
656 Brendan Shanahan
54%
668 Luc Robitaille
54%
564 Mats Sundin
50%
577 Mark Recchi
43%
640 Dave Andreychuk
37%
608 Dino Ciccarelli
33%
564 Joe Nieuwendyk
30%
562 Patrick Marleau
30%
No matching quizzes found
Score Distribution
Percent of People with Each Score
Percentile by Number Answered
Your Score History
You have not taken this quiz